000 01055nam a2200289 a 4500
003 AR-BaBNM
005 20251128203214.0
008 082120s2002 ||||||||||||||000 | spa||
040 _cAR-BaBNM
100 1 _aTorres Aedo, Jaime
245 0 0 _aAmbientación grupal
260 _aSantiago de Chile
_bPontificia Universidad Católica. Facultad de Educación
_c1984
300 _a135 p.
_bdiagr.
500 _aEsta publicación se ha realizado en el marco de las accciones del Proyecto de Educación de Adultos y Educación Extraescolar, auspiciado por el Programa de Desarrollo Educativo de la OEA
500 _aOEA: ORGANIZACION DE ESTADOS AMERICANOS
504 _aBibliografía: p. 133-135
650 4 _aGRUPOS
650 4 _aAMBIENTE SOCIAL
650 4 _aACTIVIDADES EN GRUPO
650 4 _aDINAMICA DE GRUPO
650 4 _aANIMADORES DE GRUPOS DE ADULTOS
650 4 _aEDUCACION DE ADULTOS
700 1 _aGonzález, Alvaro
_eprologuista
710 2 _aUniversidad Católica de Chile
_bFacultad de Educación
942 _cBK
998 _csilvi
999 _c2385
_d2385